| 000 | 00640nam a2200253 a 4500 | ||
|---|---|---|---|
| 001 | nice12345678 | ||
| 003 | IN_TiNIC | ||
| 005 | 20260116011912.0 | ||
| 008 | 050524s1970 isla grp 000 0 eng | ||
| 020 |
_a _c15 |
||
| 082 | 0 | 0 |
_a181.07 _bSID3 |
| 100 | _aSiddiqi, Mazheruddin | ||
| 245 | _aConcept of Muslim Culture in Iqbal | ||
| 260 |
_aIslambad _bIslamic Research Institute _c1970 |
||
| 300 | _a144p | ||
| 500 | _aincludes index and biblioraphy | ||
| 505 | 2 | _aBibliography, Index | |
| 650 | _aPhilosophy-Islamic | ||
| 650 | _aIqbal | ||
| 700 | 1 | _aSiddiqi, Mazheruddin | |
| 902 | _bSRS | ||
| 942 | _cBK | ||
| 999 |
_c4825 _d4825 |
||